000 02671cam a22005294i 4500
003 PE-LiUPU
005 20250731173036.0
008 910930s1992 kyu rb 001 0 eng
020 _a0664251544
_q(acid-free paper)
020 _a9780664251543
_q(acid-free paper)
035 _a(Sirsi) i9780664251543
040 _aDLC
_beng
_cDLC
_dMUQ
_dBAKER
_dNLGGC
_dBTCTA
_dYDXCP
_dOCLCG
_dIXA
_dGEBAY
_dHNW
_dBDX
_dGBVCP
_dOCLCA
_dOCLCQ
_dOCLCA
_dAUGEN
_dTUU
_dOCLCQ
_dDEBBG
_dPE-LiUPU
_erda
049 _aPRUA
050 0 0 _aBS2361.2
_b.B25 1992
082 0 0 _a225.66
_bB16
_220
100 1 _aBailey, James L.,
_d1938-,
_eautor.
245 1 0 _aLiterary forms in the New Testament :
_ba handbook /
_cJames L. Bailey and Lyle D. Vander Broek.
250 _aFirst edition.
300 _a219 páginas ;
_c23 centíemtros
336 _atext
_2rdacontent
337 _aunmediated
_2rdamedia
338 _avolume
_2rdacarrier
504 _aBibliografía : al final de cada capítulo.
504 _aÍndice : páginas 211-219.
505 0 _aThe Pauline tradition -- The Pauline letter -- Forms of argumentation -- The diatribe -- Midrash -- Chiasm -- Apocalyptic language and forms -- Paraenesis/Topoi --
_ Vice and virtue lists -- The household code -- Liturgical fragments: blessings and doxologies -- Poetry and hymn -- Creeds -- The Gospels and Acts -- Gospel -- Aphorism -- Parable -- Pronouncement story -- Apocalyptic language and forms -- Forms of argumentation -- Miracle story -- Commissioning story -- Stories about Jesus -- Midrash -- Hymn -- Speech (Acts) -- Johannine discourse -- Chiasm -- Genealogy -- Other New Testament writings -- The sermon: Hebrews -- Topoi and admonitions: James -- General letters: James; 1, 2 Peter; Jude -- Apocalypse: the book of Revelation.
526 _aSEG42
526 _aSEG41
526 _aSEG40
526 _aSEG39
526 _aP94
526 _aP87
526 _aP86
526 _aP85
526 _aP77
526 _aP76
526 _aP35
650 0 7 _aBiblia.
_pN.T.
_xLenguaje y estilo.
700 1 _aVander Broek, Lyle D.,
_eautor.
910 _adbm
_bncf
_cncf
_d20171213
942 _2ddc
_cBOOK
949 _a225.66 B16
_wDEWEY
_c1
_i77526
_lCATALOGING
_mBUL
_p15.50
_r0
_sY
_tBOOK
_u2017-12-13
_xPOSGRADO
_PP85
_0COMPRA
_o.STAFF. Colección Teología.
994 _aC0
_bPEPRU
596 _a1
999 _a225.66 B16
_wDEWEY
_c26131
_i77526
_f2021-11-9
_g4
_lCCODEBUL1
_mBUL
_p15.50
_r0
_sY
_tBOOK
_u2017-12-13
_xTEOLOGIA
_PP85
_0DONACION
_o.STAFF. Colección Teología.
_d26131
264 _aLouisville :
_bWestminster/John Knox Press,
_c1992.
980 _81
_gALBERTO SANCHEZ Responsable de Automatización